Looking into timber to build a housing package (Record no. 63665)

MARC details
000 -LEADER
fixed length control field 00777cam a2200205 4500
001 - CONTROL NUMBER
control field WB3622-05
008 - FIXED-LENGTH DATA ELEMENTS--GENERAL INFORMATION
fixed length control field 000000n2000 000 0 eng u
035 ## - SYSTEM CONTROL NUMBER
System control number (Sirsi) u106305
245 ## - TITLE STATEMENT
Title Looking into timber to build a housing package
260 ## - PUBLICATION, DISTRIBUTION, ETC.
Place of publication, distribution, etc. c2000
490 ## - SERIES STATEMENT
Series statement Financial Times
Volume/sequential designation 6 June 2000, 32(2)
520 ## - SUMMARY, ETC.
Summary, etc. Housebuilders are preparing to make more use of prefabricated timber components. The Housing Corporation is to spend £40m annually over the next two years supporting schemes that make use of these techniques. + chart
590 ## - LOCAL NOTE (RLIN)
Local note WB
650 ## - SUBJECT ADDED ENTRY--TOPICAL TERM
Topical term or geographic name entry element HOUSE BUILDING
650 ## - SUBJECT ADDED ENTRY--TOPICAL TERM
Topical term or geographic name entry element BUILT ENVIRONMENT-BUILDING MATERIALS
650 ## - SUBJECT ADDED ENTRY--TOPICAL TERM
Topical term or geographic name entry element TIMBER-FRAMED HOUSES
650 ## - SUBJECT ADDED ENTRY--TOPICAL TERM
Topical term or geographic name entry element PREFABRICATION
690 ## - LOCAL SUBJECT ADDED ENTRY--TOPICAL TERM (OCLC, RLIN)
Topical term or geographic name as entry element BUILT ENVIRONMENT-CONSTRUCTION DESIGN
942 ## - ADDED ENTRY ELEMENTS (KOHA)
Suppress in OPAC 0
Holdings
Withdrawn status Lost status Source of classification or shelving scheme Damaged status Not for loan Home library Current library Shelving location Date acquired Total Checkouts Full call number Barcode Date last seen Copy number Price effective from Koha item type
    Dewey Decimal Classification     London London News article 07/06/2000   WB3622-05 106305-1001 06/08/2019 1 06/08/2019 News article